00917nam a2200157 a 450000100080000000500110000800800410001910000190006024500840007926000330016350001290019652003610032565300330068670000180071970000220073711318142022-03-04 2021 bl --- 0-- m #d1 aBASSANI, M. H. aTerraceamentobcomo construir e quais equipamentos usar.h[electronic resource] aFlorian??polis: Epagric2021 aLink Canal da Epagri no Youtube: https://www.youtube.com/watch?v=tPrcdrp7UjA&list=PLEafxQNaIfYe0hO-XREEua1-zrzk9u184&index=7 aO SC Agricultura est?? apresentando uma s??rie especial sobre como fazer terraceamento na lavoura, seguindo a nova metodologia de planejamento recomendada pela Epagri. Essa semana ?? a vez de ver, na pr??tica, como s??o constru??dos os terra??os! Nossos t??cnicos mostram o trabalho utilizando o trator com arado de discos, a patrola e o trator de esteira. aM??quinas para terraceamento1 aSOCCOL, J. J.1 aBORTOLANZA, D. R.